000 00579nam a2200193Ia 4500
003 GCL
008 140319s9999 xx 000 0 ara d
040 _aGCL /
_cGCL
082 0 4 _a813.008
_bل م
100 1 _aلطفى الخولى
245 1 0 _aالمجانين لايركبون القطار /
_cلطفى الخولى
260 _a[S.N] :
_bمركز الاهرام للترجمة والنشر ،
_c1986
300 _a102 ص
490 _a
650 0 4 _aالادب العربى
650 0 4 _aالقصص العربية
650 0 4 _aالمجموعات
942 _2ddc
_cBK
999 _c32672
_d32672